FC 25 Icon or Hero? - Statistics

General Stats
  • This quiz has been taken 296 times
  • The average score is 15 of 19
Answer Stats
Hint Answer % Correct
Dirk Kuyt Hero
92%
Zico Icon
92%
Carlos Tevez Hero
90%
Jay-Jay Okocha Hero
89%
Andriy Shevchenko Icon
89%
Tim Howard Hero
88%
Kenny Dalglish Icon
84%
Gareth Bale Icon
84%
Ian Rush Icon
83%
Diego Forlan Hero
80%
Alfredo di Stefano Icon
79%
Wesley Sneijder Hero
78%
Yaya Toure Hero
78%
Roy Keane Icon
76%
Hugo Sanchez Icon
76%
Hernan Crespo Icon
76%
Jari Litmanen Hero
74%
John Barnes Icon
73%
Robbie Keane Hero
61%
No matching quizzes found
Score Distribution
Percent of People with Each Score
Percentile by Number Answered
Your Score History
You have not taken this quiz